[Event "Foxwoods Open 2008"]
[Site "Connecticut USA"]
[Date "2008.03.22"]
[Round "6"]
[White "Ivanov, Alexander"]
[Black "Friedel, Joshua E"]
[Result "1-0"]
[WhiteElo "2622"]
[BlackElo "2531"]
[PlyCount "139"]
[EventDate "2008.03.19"]
[EventType "swiss"]
[EventRounds "9"]
[EventCountry "USA"]
[Source "lmi"]
[SourceDate "2008.03.19"]

1. e4 e5 2. Nf3 Nc6 3. Bb5 a6 4. Ba4 Nf6 5. O-O Be7 6. Re1 b5 7. Bb3 d6 8. c3
O-O 9. h3 Na5 10. Bc2 c5 11. d4 Nd7 12. Nbd2 exd4 13. cxd4 Nc6 14. d5 Nce5 15.
Nxe5 Nxe5 16. a4 Bd7 17. f4 Ng6 18. Nf3 Bh4 19. Nxh4 Qxh4 20. f5 Ne5 21. Rf1
Rfe8 22. Kh2 bxa4 23. Ra3 Qe7 24. Rg3 Kh8 25. Rxg7 Qf6 26. Rg3 Rg8 27. Rc3 Bb5
28. Rf2 Rg7 29. Qh5 Rag8 30. Qh6 Qd8 31. f6 Rg6 32. Qh4 Qf8 33. g3 Bd7 34. Bd1
h6 35. Bf4 Kh7 36. g4 Qe8 37. Rg3 Rg5 38. Bxg5 Rxg5 39. Rc3 Qb8 40. Qg3 Rg8 41.
Rg2 Rg6 42. Qf4 Qd8 43. Rf2 Qb6 44. Rg3 c4 45. Rfg2 Nd3 46. Qe3 Qxe3 47. Rxe3
Rxf6 48. Bc2 Ne5 49. Ra3 Bb5 50. Bxa4 Rf1 51. Bxb5 axb5 52. Ra6 b4 53. Rxd6 b3
54. Rb6 Kg7 55. d6 Rc1 56. Rf2 Rd1 57. Rb5 f6 58. Rd5 Rxd5 59. exd5 Kf7 60. Kg3
Ke8 61. Rxf6 Nd3 62. Rxh6 Nxb2 63. g5 Nd3 64. g6 Nc5 65. Rh8+ Kd7 66. g7 Ne4+
67. Kf4 Nf6 68. Kf5 b2 69. Kxf6 b1=Q 70. Rd8+ 1-0

[Event "Foxwoods Open 2008"]
[Site "Connecticut USA"]
[Date "2008.03.22"]
[Round "6"]
[White "Paragua, Mark C"]
[Black "Enkhbat, Tegshsuren"]
[Result "1-0"]
[WhiteElo "2489"]
[BlackElo "2429"]
[PlyCount "59"]
[EventDate "2008.03.19"]
[EventType "swiss"]
[EventRounds "9"]
[EventCountry "USA"]
[Source "lmi"]
[SourceDate "2008.03.19"]

1. e4 c6 2. c4 d5 3. exd5 cxd5 4. cxd5 Nf6 5. Nc3 Nxd5 6. Nf3 Nxc3 7. bxc3 g6
8. d4 Bg7 9. Bd3 O-O 10. O-O Nc6 11. Be4 Qc7 12. Ba3 Rd8 13. Re1 e6 14. h4 b6
15. h5 Bb7 16. hxg6 hxg6 17. Ng5 Ne5 18. Bxb7 Qxb7 19. Qe2 Nc6 20. Qg4 Qa6 21.
Nxf7 Qxa3 22. Qxe6 Re8 23. Qxg6 Qf8 24. Ng5 Rxe1+ 25. Rxe1 Qf6 26. Qh7+ Kf8 27.
Ne6+ Kf7 28. Nxg7 Qxg7 29. Qh5+ Kf8 30. Qf3+ 1-0

[Event "Foxwoods Open 2008"]
[Site "Connecticut USA"]
[Date "2008.03.22"]
[Round "6"]
[White "Adu, Oladapo Oluto"]
[Black "Stripunsky, Alexander"]
[Result "0-1"]
[WhiteElo "2334"]
[BlackElo "2628"]
[PlyCount "74"]
[EventDate "2008.03.19"]
[EventType "swiss"]
[EventRounds "9"]
[EventCountry "USA"]
[Source "lmi"]
[SourceDate "2008.03.19"]

1. e4 c5 2. Nf3 e6 3. d3 d5 4. Nbd2 Nc6 5. g3 g6 6. Bg2 Bg7 7. O-O Nf6 8. Re1
O-O 9. c3 a5 10. a4 b6 11. e5 Ng4 12. d4 cxd4 13. cxd4 Nb4 14. Nb1 Ba6 15. Bf1
Bxf1 16. Rxf1 f6 17. Nc3 fxe5 18. Ng5 Nxf2 19. Rxf2 Rxf2 20. Kxf2 Qf6+ 21. Kg2
exd4 22. Na2 Na6 23. Qb3 h6 24. Nh3 Qf5 25. Bf4 Nc5 26. Qxb6 Qe4+ 27. Kg1 d3
28. Nf2 Bd4 29. Nc3 Qf5 30. Re1 Rf8 31. Ncd1 d2 32. Re2 Qb1 33. Kg2 Bxf2 34.
Rxf2 Qe4+ 35. Kg1 Nd3 36. Qe3 Nxf2 37. Kxf2 e5 0-1

[Event "Foxwoods Open 2008"]
[Site "Connecticut USA"]
[Date "2008.03.22"]
[Round "6"]
[White "Lenderman, Alex"]
[Black "Bonin, Jay"]
[Result "0-1"]
[WhiteElo "2536"]
[BlackElo "2385"]
[PlyCount "100"]
[EventDate "2008.03.19"]
[EventType "swiss"]
[EventRounds "9"]
[EventCountry "USA"]
[Source "lmi"]
[SourceDate "2008.03.19"]

1. e4 d6 2. Nc3 c5 3. Nge2 Nc6 4. g3 g6 5. Bg2 Bg7 6. d3 e6 7. Be3 Nd4 8. Qd2
Qa5 9. Nc1 Ne7 10. O-O h5 11. h4 Rb8 12. Nb3 Qb4 13. Bf4 Qb6 14. Na4 Qc7 15. c4
b6 16. Nc3 a6 17. Ne2 Nxb3 18. axb3 Nc6 19. Be3 Nd4 20. Bxd4 cxd4 21. f4 e5 22.
Kh2 Bh6 23. Qe1 b5 24. Ra2 a5 25. fxe5 dxe5 26. Qxa5 Qxa5 27. Rxa5 Bd2 28. Rxb5
Rxb5 29. cxb5 Bd7 30. Ng1 Bb4 31. Rc1 Ke7 32. Nf3 f6 33. Rc7 Kd6 34. b6 Rb8 35.
Bh3 Be8 36. Rc2 Rxb6 37. Nd2 Bxd2 38. Rxd2 Rxb3 39. Bf1 f5 40. exf5 gxf5 41.
Rf2 e4 42. Rxf5 Rxb2+ 43. Kg1 e3 44. Rf4 Kc5 45. Re4 Bc6 46. Re5+ Kb4 47. g4
hxg4 48. h5 g3 49. Re6 Kc5 50. Bh3 Rh2 0-1

[Event "Foxwoods Open 2008"]
[Site "Connecticut USA"]
[Date "2008.03.22"]
[Round "6"]
[White "Vigorito, David"]
[Black "Mac Intyre, Paul"]
[Result "1-0"]
[WhiteElo "2479"]
[BlackElo "2286"]
[PlyCount "77"]
[EventDate "2008.03.19"]
[EventType "swiss"]
[EventRounds "9"]
[EventCountry "USA"]
[Source "lmi"]
[SourceDate "2008.03.19"]

1. c4 e5 2. Nc3 Nf6 3. Nf3 d6 4. d4 Nbd7 5. e4 Be7 6. Be2 O-O 7. O-O Re8 8. Re1
Bf8 9. Bf1 c6 10. d5 c5 11. a3 Nh5 12. g3 g6 13. Qc2 Be7 14. Bh6 Ng7 15. b4 b6
16. h3 Rf8 17. Bg2 Kh8 18. Rad1 Nf6 19. Be3 Nfe8 20. Qc1 Bd7 21. Nh2 cxb4 22.
axb4 Qc8 23. Nb5 Bxh3 24. c5 bxc5 25. bxc5 Bxg2 26. Kxg2 a6 27. Na7 Qc7 28. Nc6
dxc5 29. Nxe7 Qxe7 30. Bxc5 Nd6 31. Qa3 Rfd8 32. f4 f6 33. Nf3 Rac8 34. Re2 Rd7
35. fxe5 fxe5 36. Rf2 Ra8 37. Qa1 Re8 38. Nxe5 Kg8 39. Nxd7 1-0

[Event "Foxwoods Open 2008"]
[Site "Connecticut USA"]
[Date "2008.03.22"]
[Round "6"]
[White "Waidyaratne, Kasun D"]
[Black "Arkell, Keith C"]
[Result "0-1"]
[WhiteElo "2186"]
[BlackElo "2563"]
[PlyCount "108"]
[EventDate "2008.03.19"]
[EventType "swiss"]
[EventRounds "9"]
[EventCountry "USA"]
[Source "lmi"]
[SourceDate "2008.03.19"]

1. e4 c6 2. d4 d5 3. Nc3 dxe4 4. Nxe4 Nd7 5. Nf3 Ngf6 6. Bd3 Nxe4 7. Bxe4 Nf6
8. Bd3 Bg4 9. c3 e6 10. h3 Bxf3 11. Qxf3 Be7 12. Bf4 Qd5 13. Qxd5 cxd5 14. Kd2
O-O 15. Rhe1 h6 16. Be5 Nd7 17. Bb5 Nxe5 18. Rxe5 a6 19. Bd3 b5 20. a3 g5 21.
g3 Kg7 22. Re2 Bd6 23. Ke3 h5 24. h4 g4 25. Rg1 f6 26. Rge1 e5 27. Bf5 Kf7 28.
Kd3 a5 29. Rc2 Ke7 30. Rec1 Bc7 31. a4 bxa4 32. c4 dxc4+ 33. Rxc4 Bd6 34. Rxa4
Rfb8 35. Rc2 exd4 36. Rxd4 Rb3+ 37. Kd2 Rf3 38. Re4+ Be5 39. Rc7+ Kf8 40. Rh7
Rd8+ 41. Bd7 Rxf2+ 42. Kd3 Kg8 43. Re7 Rxb2 44. Kc4 Kf8 45. Rh7 Rb7 46. Bf5
Rxh7 47. Bxh7 Bxg3 48. Bg6 Kg7 49. Bxh5 f5 50. Re7+ Kh6 51. Bf7 Bxh4 52. Ra7
Be1 53. Be6 Rf8 54. Kd3 g3 0-1

[Event "Foxwoods Open 2008"]
[Site "Connecticut USA"]
[Date "2008.03.22"]
[Round "6"]
[White "Dougherty, Michael"]
[Black "Aleskerov, Faik"]
[Result "1-0"]
[WhiteElo "2296"]
[BlackElo "2433"]
[PlyCount "125"]
[EventDate "2008.03.19"]
[EventType "swiss"]
[EventRounds "9"]
[EventCountry "USA"]
[Source "lmi"]
[SourceDate "2008.03.19"]

1. Nf3 c5 2. c4 Nf6 3. g3 d6 4. Nc3 Nc6 5. Bg2 Be6 6. d3 Qc8 7. a3 Bh3 8. O-O
g6 9. b4 Bxg2 10. Kxg2 cxb4 11. axb4 Nxb4 12. Qa4+ Nc6 13. Nd5 Nd7 14. Bb2 f6
15. d4 Bg7 16. e4 g5 17. Rfe1 e6 18. Ne3 O-O 19. Ba3 Rd8 20. Rad1 a6 21. Bxd6
Nb6 22. Qa3 Rxd6 23. c5 Rd7 24. Qb3 Kh8 25. Qxb6 Qd8 26. d5 g4 27. Nxg4 exd5
28. exd5 Qxb6 29. cxb6 Nb4 30. d6 Rad8 31. Re6 Bf8 32. Rxf6 Bxd6 33. Ng5 h5 34.
Rdxd6 Rxd6 35. Rxd6 Rxd6 36. Nf7+ Kh7 37. Nxd6 hxg4 38. Nxb7 Nd5 39. Nc5 Nxb6
40. Nxa6 Kg6 41. h3 gxh3+ 42. Kxh3 Kf5 43. Nc5 Nd5 44. Kg2 Nc3 45. Kf3 Nb5 46.
g4+ Ke5 47. Nd3+ Kd4 48. Nf4 Ke5 49. Ne2 Nd6 50. Ng3 Nb5 51. g5 Nd4+ 52. Kg4
Ne6 53. Nh5 Nd4 54. f4+ Ke6 55. Ng3 Nc6 56. f5+ Ke5 57. g6 Kf6 58. Nh5+ Ke7 59.
Kg5 Nd4 60. f6+ Kf8 61. Kh6 Kg8 62. f7+ Kf8 63. g7+ 1-0

[Event "Foxwoods Open 2008"]
[Site "Connecticut USA"]
[Date "2008.03.22"]
[Round "6"]
[White "Figler, Ilye"]
[Black "Ginsburg, Mark"]
[Result "0-1"]
[WhiteElo "2286"]
[BlackElo "2414"]
[PlyCount "92"]
[EventDate "2008.03.19"]
[EventType "swiss"]
[EventRounds "9"]
[EventCountry "USA"]
[Source "lmi"]
[SourceDate "2008.03.19"]

1. d4 Nf6 2. Nf3 g6 3. g3 Bg7 4. Bg2 O-O 5. O-O d6 6. h3 Nbd7 7. d5 Nb6 8. Nc3
Bd7 9. e4 c6 10. Re1 Rc8 11. dxc6 Bxc6 12. Nd4 e5 13. Nxc6 bxc6 14. a4 a5 15.
b3 d5 16. Ba3 Re8 17. Qd2 d4 18. Nd1 Nbd7 19. Nb2 Bf8 20. Bxf8 Kxf8 21. Nc4 Ra8
22. h4 Kg7 23. Bh3 Nc5 24. Bg2 d3 25. b4 axb4 26. Qxb4 Nfd7 27. a5 dxc2 28. Qc3
Rb8 29. Qxc2 Nb3 30. Ra3 Ndc5 31. Rd1 Nd4 32. Qa2 Qc7 33. Nb6 Red8 34. Qc4 Nb7
35. Rb1 Nxa5 36. Rxa5 Rxb6 37. Rxb6 Qxb6 38. Rxe5 Qb1+ 39. Qf1 Qb2 40. Re7 Ne2+
41. Kh2 Rd2 42. e5 Nd4 43. e6 Nxe6 44. Kg1 Qd4 45. Bf3 Qf6 46. Qe1 Ra2 0-1

[Event "Foxwoods Open 2008"]
[Site "Connecticut USA"]
[Date "2008.03.22"]
[Round "6"]
[White "Formanek, Edward W"]
[Black "Critelli, James M"]
[Result "1/2-1/2"]
[WhiteElo "2283"]
[BlackElo "2379"]
[PlyCount "56"]
[EventDate "2008.03.19"]
[EventType "swiss"]
[EventRounds "9"]
[EventCountry "USA"]
[Source "lmi"]
[SourceDate "2008.03.19"]

1. e4 c5 2. Nf3 d6 3. Bb5+ Nd7 4. c4 Ngf6 5. Nc3 e6 6. d4 cxd4 7. Qxd4 Be7 8.
Ba4 O-O 9. Bc2 a6 10. O-O Qc7 11. a4 b6 12. Bg5 Bb7 13. Rac1 Rfd8 14. Bh4 Ne5
15. Nd2 Qc5 16. Ne2 Nc6 17. Qc3 Rac8 18. Nf4 Qe5 19. Ne2 Qh5 20. Nf3 Nxe4 21.
Bxe4 Bxh4 22. Qe3 Rd7 23. Nf4 Qh6 24. Nxe6 Qxe3 25. fxe3 fxe6 26. Nxh4 Ne5 27.
Bxb7 Rxb7 28. b3 Rf7 1/2-1/2

[Event "Foxwoods Open 2008"]
[Site "Connecticut USA"]
[Date "2008.03.22"]
[Round "6"]
[White "Iwu, Okechukwu A"]
[Black "Rosen, Eric S"]
[Result "1-0"]
[WhiteElo "2190"]
[BlackElo "1978"]
[PlyCount "89"]
[EventDate "2008.03.19"]
[EventType "swiss"]
[EventRounds "9"]
[EventCountry "USA"]
[Source "lmi"]
[SourceDate "2008.03.19"]

1. Nf3 Nf6 2. c4 c5 3. g3 b6 4. Bg2 Bb7 5. O-O e6 6. b3 Be7 7. Bb2 O-O 8. Nc3
Nc6 9. e3 Rc8 10. Rc1 d5 11. cxd5 exd5 12. d4 Ba6 13. Re1 cxd4 14. Nxd4 Nb4 15.
Bf1 Bxf1 16. Rxf1 Ne4 17. a3 Nxc3 18. Rxc3 Rxc3 19. Bxc3 Na6 20. Nc6 Qd7 21.
Qxd5 Qb7 22. Nxe7+ Qxe7 23. Qd4 Qg5 24. b4 Nc7 25. Qe5 Qxe5 26. Bxe5 Ne6 27.
Rd1 f6 28. Bb2 Rc8 29. Rd7 Rc7 30. Rxc7 Nxc7 31. Kf1 Kf7 32. Ke2 Ke6 33. e4 Nb5
34. Kd3 Nd6 35. Bd4 Nc8 36. f4 a6 37. f5+ Kd6 38. g4 h6 39. h4 b5 40. Bc5+ Ke5
41. Ke3 a5 42. bxa5 b4 43. axb4 g6 44. fxg6 Ne7 45. Bd4+ 1-0

[Event "Foxwoods Open 2008"]
[Site "Connecticut USA"]
[Date "2008.03.22"]
[Round "7"]
[White "Hess, Robert L"]
[Black "Ibragimov, Ildar"]
[Result "1-0"]
[WhiteElo "2481"]
[BlackElo "2656"]
[PlyCount "61"]
[EventDate "2008.03.19"]
[EventType "swiss"]
[EventRounds "9"]
[EventCountry "USA"]
[Source "lmi"]
[SourceDate "2008.03.19"]

1. e4 d6 2. d4 g6 3. Nc3 c6 4. g3 Nf6 5. Bg2 Bg7 6. Nge2 O-O 7. O-O Nbd7 8. h3
e5 9. Be3 Re8 10. g4 h5 11. dxe5 dxe5 12. f3 hxg4 13. fxg4 Nh7 14. Qe1 Bf6 15.
Rd1 Qe7 16. Nc1 b6 17. Qd2 Nc5 18. b4 Ne6 19. b5 Bg5 20. bxc6 Bxe3+ 21. Qxe3
Qc7 22. Nd3 Ba6 23. Qf2 Bxd3 24. Nd5 Qxc6 25. Qxf7+ Kh8 26. cxd3 Neg5 27. Qf2
Qd6 28. d4 Ne6 29. Qh4 Neg5 30. Nf6 Re7 31. dxe5 1-0

[Event "Foxwoods Open 2008"]
[Site "Connecticut USA"]
[Date "2008.03.22"]
[Round "7"]
[White "Stripunsky, Alexander"]
[Black "Vigorito, David"]
[Result "1-0"]
[WhiteElo "2628"]
[BlackElo "2479"]
[PlyCount "63"]
[EventDate "2008.03.19"]
[EventType "swiss"]
[EventRounds "9"]
[EventCountry "USA"]
[Source "lmi"]
[SourceDate "2008.03.19"]

1. e4 c6 2. c4 e5 3. Nf3 d6 4. d4 Nd7 5. Nc3 Ngf6 6. g3 g6 7. Bg2 Bg7 8. O-O
O-O 9. d5 Nc5 10. Ne1 a5 11. Be3 cxd5 12. cxd5 Bd7 13. Bxc5 dxc5 14. a4 Qb6 15.
Qe2 Ne8 16. Nc2 Nd6 17. Na3 Qb4 18. Nab5 Nxb5 19. Nxb5 Bxb5 20. axb5 c4 21.
Rfd1 Rfd8 22. Rac1 Rac8 23. Bf1 Qxb5 24. Rxc4 Rxc4 25. Qxc4 Qxb2 26. d6 Bf6 27.
Qd5 a4 28. Bc4 Rf8 29. Rd3 Kg7 30. d7 Qb6 31. Rf3 Qc6 32. d8=Q 1-0

[Event "Foxwoods Open 2008"]
[Site "Connecticut USA"]
[Date "2008.03.22"]
[Round "7"]
[White "Bonin, Jay"]
[Black "Ippolito, Dean J"]
[Result "1/2-1/2"]
[WhiteElo "2385"]
[BlackElo "2495"]
[PlyCount "36"]
[EventDate "2008.03.19"]
[EventType "swiss"]
[EventRounds "9"]
[EventCountry "USA"]
[Source "lmi"]
[SourceDate "2008.03.19"]

1. d4 Nf6 2. c4 e6 3. Nf3 d5 4. g3 dxc4 5. Qa4+ c6 6. Qxc4 b5 7. Qc2 Bb7 8. Bg2
Nbd7 9. O-O c5 10. dxc5 Bxc5 11. Bg5 Qb6 12. Bxf6 Nxf6 13. Ne5 Bxg2 14. Kxg2
O-O 15. Nd2 Rfd8 16. Ndf3 Rac8 17. Rac1 Qb7 18. Rfd1 Nd5 1/2-1/2

[Event "Foxwoods Open 2008"]
[Site "Connecticut USA"]
[Date "2008.03.22"]
[Round "7"]
[White "Perelshteyn, Eugene"]
[Black "Shmelov, Denys K"]
[Result "1-0"]
[WhiteElo "2615"]
[BlackElo "2396"]
[PlyCount "49"]
[EventDate "2008.03.19"]
[EventType "swiss"]
[EventRounds "9"]
[EventCountry "USA"]
[Source "lmi"]
[SourceDate "2008.03.19"]

1. d4 Nf6 2. c4 e6 3. Nc3 Bb4 4. g3 O-O 5. Bg2 d5 6. Nf3 dxc4 7. O-O Nc6 8. a3
Bd6 9. Qa4 e5 10. d5 Ne7 11. Qxc4 c6 12. e4 h6 13. Rd1 cxd5 14. exd5 a6 15. Qe2
Ng6 16. Nd2 b5 17. Nde4 Nxe4 18. Nxe4 f5 19. Nxd6 Qxd6 20. Bd2 Rd8 21. Bb4 Qf6
22. d6 Ra7 23. Rac1 Be6 24. Rc7 Rd7 25. Rxd7 1-0

[Event "Foxwoods Open 2008"]
[Site "Connecticut USA"]
[Date "2008.03.22"]
[Round "7"]
[White "Arkell, Keith C"]
[Black "Ginsburg, Mark"]
[Result "1-0"]
[WhiteElo "2563"]
[BlackElo "2414"]
[PlyCount "65"]
[EventDate "2008.03.19"]
[EventType "swiss"]
[EventRounds "9"]
[EventCountry "USA"]
[Source "lmi"]
[SourceDate "2008.03.19"]

1. d4 Nf6 2. Nf3 g6 3. c4 Bg7 4. g3 O-O 5. Bg2 d6 6. O-O Nbd7 7. d5 Nb6 8. Nbd2
Bd7 9. e4 c6 10. dxc6 Bxc6 11. Nd4 Be8 12. b3 Nbd7 13. Nb1 Nc5 14. Nc3 a6 15.
Be3 Rc8 16. h3 b5 17. cxb5 axb5 18. b4 Na6 19. Qb3 Rc4 20. a3 Nxe4 21. Ncxb5 d5
22. Rad1 Bxd4 23. Nxd4 Nc3 24. Rd3 Ba4 25. Qb2 Qc7 26. Bh6 e5 27. Bxf8 Kxf8 28.
Nb3 Bxb3 29. Qxb3 d4 30. Re1 f5 31. Rxe5 Qxe5 32. Qxc4 Qe1+ 33. Bf1 1-0

[Event "Foxwoods Open 2008"]
[Site "Connecticut USA"]
[Date "2008.03.22"]
[Round "7"]
[White "Friedel, Joshua E"]
[Black "Harper, Warren"]
[Result "1-0"]
[WhiteElo "2531"]
[BlackElo "2347"]
[PlyCount "59"]
[EventDate "2008.03.19"]
[EventType "swiss"]
[EventRounds "9"]
[EventCountry "USA"]
[Source "lmi"]
[SourceDate "2008.03.19"]

1. e4 c5 2. Nf3 d6 3. d4 cxd4 4. Nxd4 Nf6 5. Nc3 g6 6. Be3 Bg7 7. f3 O-O 8. Qd2
Nc6 9. O-O-O d5 10. exd5 Nxd5 11. Nxc6 bxc6 12. Bd4 e5 13. Bc5 Be6 14. Ne4 Rb8
15. Bc4 Re8 16. h4 h6 17. g4 a5 18. g5 h5 19. Qf2 Qc7 20. a4 Red8 21. b3 Rb7
22. Rd3 Nf4 23. Rxd8+ Qxd8 24. Bxe6 Nxe6 25. Rd1 Rd7 26. Rxd7 Qxd7 27. Qd2 Nd4
28. Bxd4 Qh3 29. Nf6+ Bxf6 30. Qe1 1-0

[Event "Foxwoods Open 2008"]
[Site "Connecticut USA"]
[Date "2008.03.22"]
[Round "7"]
[White "Enkhbat, Tegshsuren"]
[Black "Dougherty, Michael"]
[Result "1-0"]
[WhiteElo "2429"]
[BlackElo "2296"]
[PlyCount "107"]
[EventDate "2008.03.19"]
[EventType "swiss"]
[EventRounds "9"]
[EventCountry "USA"]
[Source "lmi"]
[SourceDate "2008.03.19"]

1. d4 d5 2. Nf3 c6 3. c4 e6 4. Qc2 Nf6 5. g3 Be7 6. Bg2 O-O 7. O-O b6 8. Rd1
Bb7 9. b3 Na6 10. Nc3 Rc8 11. e4 dxe4 12. Nxe4 Nb4 13. Qe2 Nxe4 14. Qxe4 Bf6
15. a3 Na6 16. Bf4 Qe7 17. Be5 Rfd8 18. Bxf6 Qxf6 19. b4 Qe7 20. Ne5 Nb8 21. c5
Ba6 22. Rac1 Qe8 23. h4 Bb5 24. Qc2 bxc5 25. dxc5 f6 26. Nc4 Bxc4 27. Qxc4 Kf7
28. Rd6 Rxd6 29. cxd6 Qd7 30. Qc5 Rd8 31. Rd1 Qb7 32. Qc2 g6 33. h5 Qb5 34.
hxg6+ hxg6 35. Qc1 g5 36. Qe3 Rd7 37. Bh3 Qe5 38. Qd2 Kg6 39. f4 gxf4 40. gxf4
Qe4 41. Bg2 Qc4 42. Qe3 Rg7 43. Rd4 Qa2 44. Rd2 Qc4 45. Kf2 Nd7 46. Be4+ f5 47.
Bd3 Qd5 48. Bb1 Qh1 49. Qxe6+ Kh5 50. Qxf5+ Kh4 51. Be4 Qh2+ 52. Ke3 Rg3+ 53.
Bf3 Qg1+ 54. Ke2 1-0

[Event "Foxwoods Open 2008"]
[Site "Connecticut USA"]
[Date "2008.03.22"]
[Round "7"]
[White "Hilton, Jonathan L"]
[Black "Lenderman, Alex"]
[Result "1/2-1/2"]
[WhiteElo "2192"]
[BlackElo "2536"]
[PlyCount "173"]
[EventDate "2008.03.19"]
[EventType "swiss"]
[EventRounds "9"]
[EventCountry "USA"]
[Source "lmi"]
[SourceDate "2008.03.19"]

1. Nf3 d5 2. c4 c6 3. g3 Nf6 4. Bg2 Bf5 5. cxd5 cxd5 6. Qb3 Qb6 7. Qxb6 axb6 8.
Nc3 Nc6 9. d3 e6 10. Bf4 Bc5 11. O-O h6 12. Nb5 Kd7 13. a3 Rhc8 14. Ne5+ Nxe5
15. Bxe5 Bg6 16. b4 Be7 17. Rfc1 Rc6 18. Bb2 Ne8 19. Kf1 Bf6 20. Bxf6 gxf6 21.
Ke1 Nd6 22. Nxd6 Rxc1+ 23. Rxc1 Kxd6 24. Rc3 e5 25. Bh3 f5 26. f4 f6 27. e3 Bf7
28. d4 Be6 29. Bf1 Bd7 30. Be2 Re8 31. Kd2 h5 32. dxe5+ fxe5 33. fxe5+ Rxe5 34.
Bxh5 Re7 35. h3 Rg7 36. g4 fxg4 37. Bxg4 Bxg4 38. hxg4 Rxg4 39. Kd3 Kd7 40. Rc2
Rg1 41. Rc3 Rd1+ 42. Kc2 Ra1 43. Kb2 Re1 44. Kc2 Kd6 45. Kd2 Ra1 46. Ke2 b5 47.
Kd2 Ra2+ 48. Kd3 Ke5 49. Rc5 Rxa3+ 50. Kd2 Ke4 51. Rxb5 Rd3+ 52. Kc2 Kxe3 53.
Rxb7 Rd2+ 54. Kc1 Rd4 55. Rh7 Kd3 56. Rh3+ Kc4 57. Kc2 Rg4 58. Kd2 Rg2+ 59. Kd1
Kxb4 60. Rf3 Kc4 61. Rh3 Rg4 62. Kd2 d4 63. Rf3 Rg1 64. Rh3 Ra1 65. Rg3 Ra2+
66. Kd1 Rf2 67. Rh3 Rf8 68. Rg3 Rf4 69. Rh3 Kd5 70. Kd2 Ke4 71. Rg3 Rh4 72. Kd1
Rh2 73. Rg4+ Ke3 74. Rg3+ Kf4 75. Rd3 Ke4 76. Rg3 Rb2 77. Rh3 Rf2 78. Rh4+ Kd3
79. Rh3+ Kc4 80. Rg3 Rb2 81. Rh3 Rf2 82. Rg3 Rf4 83. Rh3 Rg4 84. Kd2 Rf4 85.
Rg3 Rh4 86. Kd1 d3 87. Rg8 1/2-1/2

[Event "Foxwoods Open 2008"]
[Site "Connecticut USA"]
[Date "2008.03.22"]
[Round "7"]
[White "Bierkens, Pieter A"]
[Black "Filipovich, David"]
[Result "1/2-1/2"]
[WhiteElo "2183"]
[BlackElo "2229"]
[PlyCount "83"]
[EventDate "2008.03.19"]
[EventType "swiss"]
[EventRounds "9"]
[EventCountry "USA"]
[Source "lmi"]
[SourceDate "2008.03.19"]

1. e4 c6 2. d4 d5 3. exd5 cxd5 4. c4 Nf6 5. Nc3 Nc6 6. Bg5 Be6 7. c5 Ne4 8. Nf3
Nxg5 9. Nxg5 Bf5 10. Bb5 e6 11. Nf3 Be7 12. Ne5 Rc8 13. Qa4 Qc7 14. g4 Bg6 15.
O-O O-O 16. Bxc6 bxc6 17. f4 Be4 18. Nxe4 dxe4 19. Rae1 f6 20. Nc4 f5 21. g5
Rfd8 22. Ne5 g6 23. Re3 Bf8 24. Rb3 Bg7 25. Qa6 Bxe5 26. Rb7 Bxf4 27. Rxc7 Be3+
28. Kg2 Rxc7 29. Rd1 Kf7 30. h4 Rxd4 31. Rxd4 Bxd4 32. b4 f4 33. b5 f3+ 34. Kg3
Be5+ 35. Kg4 cxb5 36. Qxb5 f2 37. c6 Rxc6 38. Kh3 e3 39. Kg2 Rc1 40. Qd7+ Kf8
41. Qd8+ Kf7 42. Qd7+ 1/2-1/2

[Event "Foxwoods Open 2008"]
[Site "Connecticut USA"]
[Date "2008.03.22"]
[Round "7"]
[White "Strenzwilk, Denis"]
[Black "Frumkin, Edward A"]
[Result "0-1"]
[WhiteElo "2200"]
[BlackElo "2004"]
[PlyCount "78"]
[EventDate "2008.03.19"]
[EventType "swiss"]
[EventRounds "9"]
[EventCountry "USA"]
[Source "lmi"]
[SourceDate "2008.03.19"]

1. e4 d6 2. d4 Nf6 3. Nc3 g6 4. Nf3 Bg7 5. Be2 O-O 6. O-O Bg4 7. Be3 Nc6 8. Qd2
e5 9. d5 Ne7 10. h3 Bd7 11. a4 Ne8 12. a5 a6 13. Ne1 f5 14. f3 f4 15. Bf2 g5
16. b4 Ng6 17. b5 Nf6 18. bxa6 bxa6 19. Nd3 h5 20. Nb4 Bc8 21. Nc6 Qe8 22. Rfb1
g4 23. Bf1 g3 24. Be1 Bd7 25. Nb4 Bc8 26. Rb3 Nh4 27. Qd3 Nh7 28. Rab1 Ng5 29.
Nc6 Bxh3 30. gxh3 Ngxf3+ 31. Kh1 Nxe1 32. Rxe1 f3 33. Reb1 g2+ 34. Bxg2 fxg2+
35. Kh2 Nf3+ 36. Kxg2 Qg6+ 37. Kf2 Nd4+ 38. Ke1 Qg1+ 39. Kd2 Bh6+ 0-1

[Event "Foxwoods Open 2008"]
[Site "Connecticut USA"]
[Date "2008.03.??"]
[Round "8"]
[White "Hess, Robert L"]
[Black "Paragua, Mark C"]
[Result "1/2-1/2"]
[WhiteElo "2481"]
[BlackElo "2489"]
[PlyCount "107"]
[EventDate "2008.03.19"]
[EventType "swiss"]
[EventRounds "9"]
[EventCountry "USA"]
[Source "lmi"]
[SourceDate "2008.03.19"]

1. e4 c5 2. Nc3 a6 3. g3 b5 4. Bg2 Bb7 5. Nge2 e6 6. d4 cxd4 7. Nxd4 Nf6 8. Qe2
b4 9. Nd1 Qb6 10. c3 Nc6 11. Nc2 a5 12. Be3 Qa6 13. c4 Ne5 14. Bd4 Nxc4 15. O-O
e5 16. b3 Na3 17. Qxa6 Bxa6 18. Nxa3 Bxf1 19. Kxf1 bxa3 20. Bxe5 Rc8 21. Ne3
Bc5 22. Nc4 O-O 23. Bxf6 gxf6 24. Nxa5 Bd4 25. Rd1 Bc3 26. Nc4 Rxc4 27. bxc4
Rb8 28. c5 Rb2 29. Rxd7 Rxa2 30. c6 Ba5 31. c7 Ra1+ 32. Ke2 Re1+ 33. Kf3 Bxc7
34. Rxc7 a2 35. Ra7 a1=Q 36. Rxa1 Rxa1 37. Bh3 Kf8 38. Bg4 Ke7 39. Bf5 h6 40.
Bh7 Ke6 41. Ke3 Ke5 42. Kf3 Ra3+ 43. Kg4 Ra2 44. Kf3 h5 45. h3 Ra3+ 46. Kg2 Kd4
47. Bg8 Ra7 48. Kf3 Ke5 49. Bh7 Ra3+ 50. Kg2 Rc3 51. Bg8 h4 52. gxh4 f5 53.
Bxf7 fxe4 54. Bh5 1/2-1/2

[Event "Foxwoods Open 2008"]
[Site "Connecticut USA"]
[Date "2008.03.??"]
[Round "8"]
[White "Martinez, Marcel"]
[Black "Arkell, Keith C"]
[Result "1/2-1/2"]
[WhiteElo "2471"]
[BlackElo "2563"]
[PlyCount "131"]
[EventDate "2008.03.19"]
[EventType "swiss"]
[EventRounds "9"]
[EventCountry "USA"]
[Source "lmi"]
[SourceDate "2008.03.19"]

1. e4 c6 2. d4 d5 3. Nc3 dxe4 4. Nxe4 Nd7 5. Ng5 Ngf6 6. Bd3 e6 7. Qe2 Be7 8.
N1f3 h6 9. Ne4 c5 10. Nxf6+ Nxf6 11. dxc5 Bxc5 12. O-O O-O 13. c4 b6 14. Bf4
Bb7 15. Rad1 Qe7 16. Ne5 Rfd8 17. Bc2 Rxd1 18. Rxd1 Rd8 19. Rxd8+ Qxd8 20. Be3
Bxe3 21. Qxe3 Be4 22. Bd3 Qd6 23. f4 Bb7 24. a3 a5 25. Bc2 Kf8 26. h3 Ke7 27.
Kf2 h5 28. g3 g6 29. Ke1 Bg2 30. h4 Bb7 31. Bd3 Kf8 32. Ke2 Kg7 33. Bc2 Kg8 34.
Bd3 Bc6 35. Bc2 Be8 36. Qc3 Ng4 37. Be4 a4 38. Nxg4 hxg4 39. Qe5 Qd8 40. Bd3
Qa8 41. Be4 Bc6 42. Bd3 Bh1 43. Qe3 Qg2+ 44. Qf2 Qc6 45. Kd2 Be4 46. Bxe4 Qxe4
47. Kc3 e5 48. fxe5 Qxe5+ 49. Kd3 Kf8 50. Kc2 Qc7 51. Kc3 Qe5+ 52. Kc2 Qd6 53.
Qe3 f5 54. Qh6+ Kf7 55. h5 Qf6 56. Qh7+ Qg7 57. hxg6+ Kf6 58. Kc3 Qxh7 59. gxh7
Kg7 60. h8=Q+ Kxh8 61. Kd4 Kg7 62. Ke5 Kg6 63. Ke6 Kg5 64. Ke5 Kg6 65. Ke6 Kg5
66. Ke5 1/2-1/2